| 000 | 00866nam a2200253 a 4500 | ||
|---|---|---|---|
| 001 | 000021520 | ||
| 005 | 20200930011343.0 | ||
| 008 | 100908s1973 es ac r 000 | spa d | ||
| 020 | _a8423966046 | ||
| 040 |
_aDO-SdBNP _bspa _cBNPHU |
||
| 082 |
_a643.6 _bH141r, 1973 |
||
| 245 | 0 | 0 |
_aHaga y repare usted mismo sus instalaciones eléctricas / _ccolaboración de André Loué; traducción de Luis Joly García. |
| 250 | _a3a ed. | ||
| 260 |
_aMadrid, (España) : _bEspasa-Calpe, _c1973. |
||
| 300 |
_a64 p., : _bil, retrs ; _c17 cm. |
||
| 490 | 1 | _aHagalo usted mismo | |
| 650 | 4 |
_aInstalaciones eléctricas _xManuales _944853 |
|
| 650 | 4 |
_aLineas eléctricas _944854 |
|
| 650 | 4 |
_aDistribución de energia eléctrica _98332 |
|
| 700 | 1 |
_aLoué, André _944855 |
|
| 700 | 1 |
_aGarcía, Luis Joly _etr. _944856 |
|
| 830 | 0 |
_aHagalo Usted Mismo _944857 |
|
| 049 | _aBNGR | ||
| 999 |
_c21020 _d21020 |
||